000 00600nam a2200205 i 4500
001 95054
003 ES-MaACL
005 20250417063056.0
007 t|
008 050520s1969 sp ||||1| spa d
100 1 _aLukács, György,
_d1885-1971
_974718
245 1 0 _aThomas Mann /
_cGeorg Lukács; traducción...Jacobo Muñoz.
250 _a[1ª ed.].
260 _aBarcelona :
_bGrijalbo,
_c1969.
300 _a162 p. ;
_c22 cm.
600 0 4 _aMann, Thomas,
_d1875-1955
_976055
700 1 _aMuñoz, Jacobo.
_9137824
852 _aES-MaACL
_jC-37003
_bR.69339
999 _c95054
_d95054